<?xml version="1.0" encoding="UTF-8"?>
<record
    xmlns:xsi="http://www.w3.org/2001/XMLSchema-instance"
    xsi:schemaLocation="http://www.loc.gov/MARC21/slim http://www.loc.gov/standards/marcxml/schema/MARC21slim.xsd"
    xmlns="http://www.loc.gov/MARC21/slim">

  <leader>01598nam a22003137a 4500</leader>
  <controlfield tag="005">20081021100252.0</controlfield>
  <controlfield tag="008">081021t        xxu||||| |||| 00| 0 hin d</controlfield>
  <datafield tag="010" ind1=" " ind2=" ">
    <subfield code="a">HIN-92552</subfield>
  </datafield>
  <datafield tag="020" ind1=" " ind2=" ">
    <subfield code="a">9788181437976</subfield>
    <subfield code="c">250.00</subfield>
  </datafield>
  <datafield tag="035" ind1=" " ind2=" ">
    <subfield code="a">HN-64898</subfield>
  </datafield>
  <datafield tag="037" ind1=" " ind2=" ">
    <subfield code="b">DBAD / PUB</subfield>
  </datafield>
  <datafield tag="040" ind1=" " ind2=" ">
    <subfield code="a">DPL</subfield>
    <subfield code="b">HN</subfield>
  </datafield>
  <datafield tag="082" ind1=" " ind2=" ">
    <subfield code="a">954.083</subfield>
  </datafield>
  <datafield tag="100" ind1=" " ind2=" ">
    <subfield code="a">&#x936;&#x92E;&#x94D;&#x938;&#x941;&#x932; &#x907;&#x938;&#x94D;&#x932;&#x93E;&#x92E;</subfield>
    <subfield code="9">27650</subfield>
  </datafield>
  <datafield tag="245" ind1=" " ind2=" ">
    <subfield code="a">(&#x905;&#x920;&#x93E;&#x930;&#x939; &#x938;&#x94C; &#x938;&#x924;&#x94D;&#x924;&#x93E;&#x935;&#x928; )1857 &#x915;&#x940; &#x939;&#x948;&#x930;&#x924;&#x905;&#x902;&#x917;&#x947;&#x91C;&#x93C; &#x926;&#x93E;&#x938;&#x94D;&#x924;&#x93E;&#x928;&#x947;&#x902; /</subfield>
    <subfield code="c">&#x936;&#x92E;&#x94D;&#x938;&#x941;&#x932; &#x907;&#x938;&#x94D;&#x932;&#x93E;&#x92E;</subfield>
  </datafield>
  <datafield tag="246" ind1=" " ind2=" ">
    <subfield code="a">1857 kii heratangej daastanen</subfield>
    <subfield code="b">by Shamsul Islam</subfield>
  </datafield>
  <datafield tag="250" ind1=" " ind2=" ">
    <subfield code="a">2&#x930;&#x93E; &#x938;&#x902;&#x938;&#x94D;&#x915;</subfield>
  </datafield>
  <datafield tag="260" ind1=" " ind2=" ">
    <subfield code="a">&#x928;&#x908; &#x926;&#x93F;&#x932;&#x94D;&#x932;&#x940;</subfield>
    <subfield code="b">&#x935;&#x93E;&#x923;&#x940; &#x92A;&#x94D;&#x930;&#x915;&#x93E;&#x936;&#x928;</subfield>
    <subfield code="c">2010</subfield>
  </datafield>
  <datafield tag="270" ind1=" " ind2=" ">
    <subfield code="a">21-&#x90F;, &#x926;&#x930;&#x93F;&#x92F;&#x93E;&#x917;&#x902;&#x91C;</subfield>
    <subfield code="b">&#x928;&#x908; &#x926;&#x93F;&#x932;&#x94D;&#x932;&#x940;</subfield>
    <subfield code="e">110002</subfield>
    <subfield code="k">23273167</subfield>
    <subfield code="l">23275710</subfield>
    <subfield code="m">vaniprakashan@gmail.com</subfield>
  </datafield>
  <datafield tag="300" ind1=" " ind2=" ">
    <subfield code="a">160&#x92A;&#x943;</subfield>
    <subfield code="c">22&#x938;&#x947;&#x92E;&#x940; (&#x938;&#x91C;&#x93F;&#x932;&#x94D;&#x926;)</subfield>
    <subfield code="b">&#x938;&#x91A;&#x93F;&#x924;&#x94D;&#x930;</subfield>
  </datafield>
  <datafield tag="650" ind1=" " ind2=" ">
    <subfield code="a">&#x915;&#x94D;&#x930;&#x93E;&#x928;&#x94D;&#x924;&#x93F;&#x915;&#x93E;&#x930;&#x940;</subfield>
    <subfield code="z">&#x92D;&#x93E;&#x930;&#x924;</subfield>
    <subfield code="9">27651</subfield>
  </datafield>
  <datafield tag="650" ind1=" " ind2=" ">
    <subfield code="a">Revolutionary</subfield>
    <subfield code="z">India</subfield>
    <subfield code="9">27652</subfield>
  </datafield>
  <datafield tag="650" ind1=" " ind2=" ">
    <subfield code="a">&#x930;&#x93E;&#x937;&#x94D;&#x91F;&#x94D;&#x930;&#x935;&#x93E;&#x926;&#x940;</subfield>
    <subfield code="z">&#x92D;&#x93E;&#x930;&#x924;</subfield>
    <subfield code="9">27653</subfield>
  </datafield>
  <datafield tag="650" ind1=" " ind2=" ">
    <subfield code="a">Nationalist</subfield>
    <subfield code="z">India</subfield>
    <subfield code="9">27654</subfield>
  </datafield>
  <datafield tag="651" ind1=" " ind2=" ">
    <subfield code="a">India</subfield>
    <subfield code="x">History</subfield>
    <subfield code="y">Sepoy Rebellion,  1857-1858</subfield>
    <subfield code="9">27655</subfield>
  </datafield>
  <datafield tag="651" ind1=" " ind2=" ">
    <subfield code="a">&#x92D;&#x93E;&#x930;&#x924;</subfield>
    <subfield code="x">&#x907;&#x924;&#x93F;&#x939;&#x93E;&#x938;</subfield>
    <subfield code="y">&#x938;&#x948;&#x928;&#x94D;&#x92F; &#x935;&#x93F;&#x926;&#x94D;&#x930;&#x94B;&#x939;,  1857-1858</subfield>
    <subfield code="9">27656</subfield>
  </datafield>
  <datafield tag="942" ind1=" " ind2=" ">
    <subfield code="2">ddc</subfield>
    <subfield code="c">HN</subfield>
    <subfield code="m">&#x936;&#x92E;&#x94D;&#x938;&#x941;&#x932;</subfield>
    <subfield code="h">954.083</subfield>
  </datafield>
  <datafield tag="999" ind1=" " ind2=" ">
    <subfield code="c">52081</subfield>
    <subfield code="d">52081</subfield>
  </datafield>
  <datafield tag="952" ind1=" " ind2=" ">
    <subfield code="0">0</subfield>
    <subfield code="1">0</subfield>
    <subfield code="2">ddc</subfield>
    <subfield code="4">0</subfield>
    <subfield code="7">1</subfield>
    <subfield code="8">NFIC</subfield>
    <subfield code="a">DBAD</subfield>
    <subfield code="b">DBAD</subfield>
    <subfield code="d">2011-05-04</subfield>
    <subfield code="e">DBAD /PUB</subfield>
    <subfield code="g">250.00</subfield>
    <subfield code="l">0</subfield>
    <subfield code="o">954.083 &#x936;&#x92E;&#x94D;&#x938;&#x941;&#x932;</subfield>
    <subfield code="p">HN-64898</subfield>
    <subfield code="r">2011-05-04 00:00:00</subfield>
    <subfield code="t">1</subfield>
    <subfield code="v">250.00</subfield>
    <subfield code="w">2011-05-04</subfield>
    <subfield code="y">HN</subfield>
  </datafield>
</record>
